Fundamentals of Mathematics /
Gardado en:
| Autor Principal: | |
|---|---|
| Formato: | Sách giấy |
| Idioma: | English |
| Publicado: |
New York :
Macmillan,
1989
|
| Các nhãn: |
Engadir etiqueta
Sen Etiquetas, Sexa o primeiro en etiquetar este rexistro!
|
| Thư viện lưu trữ: | Thư viện Trường Đại học Đà Lạt |
|---|
| LEADER | 00558nam a2200241 4500 | ||
|---|---|---|---|
| 001 | DLU020000759 | ||
| 005 | ##12/31/1998 | ||
| 020 | # | # | |a 0-02-409201-0 |
| 041 | # | # | |a eng |
| 082 | # | # | |a 510 |b SE-W |
| 100 | # | # | |a Setek, William M. |
| 245 | # | # | |a Fundamentals of Mathematics / |c William M. Setek |
| 260 | # | # | |a New York : |b Macmillan, |c 1989 |
| 300 | # | # | |a X, 744 tr.; |c 24 cm. |
| 992 | # | # | |a 24000 |
| 994 | # | # | |a DLU |
| 900 | # | # | |a False |
| 911 | # | # | |a Administrator |
| 925 | # | # | |a G |
| 926 | # | # | |a A |
| 927 | # | # | |a SH |
| 980 | # | # | |a Thư viện Trường Đại học Đà Lạt |


